| 000 | 00348 a2200145 4500 | ||
|---|---|---|---|
| 001 | 158760 | ||
| 020 | _a | ||
| 040 | _cMagnum | ||
| 100 | _aOliveira, Carolina Renno Ribeiro de | ||
| 240 | 1 | 0 |
_aBiografias de personalidades celebres _lpor |
| 245 | 1 | 0 | _aBiografias de personalidades celebres |
| 362 | 0 | _a1899 | |
| 697 | _aBIOGRAFIA | ||
| 942 | _cBK | ||
| 999 |
_c158760 _d158760 |
||